শেখ মুজিবুর রহমান থেকে জাতির পিতা / (Record no. 6902)
[ view plain ]
| 000 -LEADER | |
|---|---|
| fixed length control field | 01085nam a22002177a 4500 |
| 003 - CONTROL NUMBER IDENTIFIER | |
| control field | BUBTL |
| 008 - FIXED-LENGTH DATA ELEMENTS--GENERAL INFORMATION | |
| fixed length control field | 230107b ||||| |||| 00| 0 eng d |
| 020 ## - INTERNATIONAL STANDARD BOOK NUMBER | |
| International Standard Book Number | 9789848143674 |
| 082 ## - DEWEY DECIMAL CLASSIFICATION NUMBER | |
| Classification number | 954.92/ K1277s/ 2021 |
| 100 ## - MAIN ENTRY--PERSONAL NAME | |
| 9 (RLIN) | 5144 |
| Personal name | কামাল, মোহাম্মদ নাছিমুল |
| 245 ## - TITLE STATEMENT | |
| Title | শেখ মুজিবুর রহমান থেকে জাতির পিতা / |
| Statement of responsibility, etc. | মোহাম্মদ নাছিমুল কামাল |
| 250 ## - EDITION STATEMENT | |
| Edition statement | 1st Edn |
| 260 ## - PUBLICATION, DISTRIBUTION, ETC. (IMPRINT) | |
| Place of publication, distribution, etc. | ঢাকা: |
| Name of publisher, distributor, etc. | পালক পাবলিশার্স, |
| Date of publication, distribution, etc. | c2021 |
| 300 ## - PHYSICAL DESCRIPTION | |
| Extent | 56 p.: |
| Other physical details | ills.: |
| Dimensions | 22.5 cm |
| 505 ## - FORMATTED CONTENTS NOTE | |
| Formatted contents note | শেখ মুজিবুর রহমান থেকে জাতির পিতা, শেখ মুজিবুর রহমান, জাতির পিতা, মোহাম্মদ নাছিমুল কামাল, বঙ্গবন্ধু, Bangabandhu |
| 650 #0 - SUBJECT ADDED ENTRY--TOPICAL TERM | |
| 9 (RLIN) | 3574 |
| Topical term or geographic name as entry element | বঙ্গবন্ধু |
| 650 #0 - SUBJECT ADDED ENTRY--TOPICAL TERM | |
| 9 (RLIN) | 4372 |
| Topical term or geographic name as entry element | Bangabandhu |
| 856 ## - ELECTRONIC LOCATION AND ACCESS | |
| Password | 0 |
| Logon | 0 |
| Link text | Download |
| 942 ## - ADDED ENTRY ELEMENTS (KOHA) | |
| Source of classification or shelving scheme | |
| Koha item type | Books |
| Withdrawn status | Lost status | Source of classification or shelving scheme | Damaged status | Not for loan | Collection code | Permanent location | Current location | Shelving location | Source of acquisition | Inventory number | Total Checkouts | Full call number | Barcode | Date last seen | Copy number | Price effective from | Koha item type |
|---|---|---|---|---|---|---|---|---|---|---|---|---|---|---|---|---|---|
| Non-fiction | Bangladesh University of Business and Technology Library | Bangladesh University of Business and Technology Library | Historical Books | Purchase | 29121 | 954.92/ K1277s/ 2021 | BUBTL-200329121 | 01/08/2023 | C-1 | 01/08/2023 | Books | ||||||
| Non-fiction | Bangladesh University of Business and Technology Library | Bangladesh University of Business and Technology Library | Historical Books | Purchase | 29122 | 954.92/ K1277s/ 2021 | BUBTL-200329122 | 01/08/2023 | C-2 | 01/08/2023 | Books |
